[Event "CZE-chT U18 Extraliga West 1819"]
[Site "Czech Republic"]
[Date "2018.10.07"]
[Round "3.5"]
[White "Ret, Adam Josef"]
[Black "Vitova, Anna"]
[Result "0-1"]
[WhiteElo "1859"]
[BlackElo "1734"]
[PlyCount "88"]
[EventDate "2018.10.05"]
[EventType "team-tourn"]
[EventRounds "11"]
[EventCountry "CZE"]
[SourceTitle "EXT 2023"]
[Source "ChessBase"]
[SourceDate "2022.10.05"]
[SourceVersion "1"]
[SourceVersionDate "2022.10.05"]
[SourceQuality "1"]
[WhiteTeam "Praha Porg (U18)"]
[BlackTeam "Jicin (U18)"]
[WhiteTeamCountry "CZE"]
[BlackTeamCountry "CZE"]

1. d4 Nf6 2. c4 e6 3. Nc3 d5 4. cxd5 exd5 5. Bg5 Bb4 6. e3 c6 7. Bd3 Nbd7 8. Nge2 h6 9. Bh4 0-0 10. 0-0 Qc7 11. Rc1 a6 12. Bg3 Bd6 13. a3 Re8 14. b4 Bxg3 15. Nxg3 Nf8 16. Qb3 Qe7 17. a4 Ng4 18. Nce2 Bd7 19. h3 Nf6 20. Ra1 Ne4 21. Qb2 Ng6 22. b5 axb5 23. Bxe4 dxe4 24. axb5 cxb5 25. Nc3 f5 26. Nxb5 Rxa1 27. Rxa1 f4 28. exf4 Nxf4 29. Nc7 Rf8 30. Qa2+ Kh8 31. Nd5 Nxd5 32. Qxd5 e3 33. fxe3 Qxe3+ 34. Kh2 Bc6 35. Qc4 Bxg2 36. Ra2 Bc6 37. Qe2 Qxd4 38. Rd2 Qf4 39. Ra2 Re8 40. Qf2 Qc7 41. Rc2 Kg8 42. Qc5 Re1 43. Rg2 Rh1+ 44. Kxh1 Bxg2+ 0-1

[Event "CZE-chT U18 Extraliga final-B 1718"]
[Site "Czech Republic"]
[Date "2018.04.21"]
[Round "10.3"]
[White "Vitova, Anna"]
[Black "Novotny, Martin"]
[Result "0-1"]
[WhiteElo "1822"]
[BlackElo "1879"]
[PlyCount "94"]
[EventDate "2017.10.07"]
[EventType "team-tourn"]
[EventRounds "11"]
[EventCountry "CZE"]
[SourceTitle "EXT 2023"]
[Source "ChessBase"]
[SourceDate "2022.10.05"]
[SourceVersion "1"]
[SourceVersionDate "2022.10.05"]
[SourceQuality "1"]
[WhiteTeam "Jicin (U18)"]
[BlackTeam "Ricany (U18)"]
[WhiteTeamCountry "CZE"]
[BlackTeamCountry "CZE"]

1. e4 e5 2. Nf3 Nc6 3. Bc4 Nf6 4. d4 exd4 5. 0-0 Nxe4 6. Re1 d5 7. Bxd5 Qxd5 8. Nc3 Qd7 9. Nxe4 Be7 10. Bg5 0-0 11. Bxe7 Qxe7 12. Nxd4 Nxd4 13. Qxd4 b6 14. Qd5 Be6 15. Qh5 h6 16. a3 Rfe8 17. Re3 Rad8 18. Rae1 Rd5 19. Qe2 Red8 20. h3 Qd7 21. Rg3 Kh7 22. Nc3 Rf5 23. Qe4 Qd4 24. Qxd4 Rxd4 25. Re2 a6 26. Kh2 Rc5 27. Rge3 Rc6 28. Ne4 Bf5 29. c3 Rd7 30. Ng3 Be6 31. b4 Rcd6 32. Ne4 Rd1 33. a4 R1d3 34. a5 Bc4 35. axb6 cxb6 36. Rxd3 Rxd3 37. Rb2 Bd5 38. Nd6 Rxc3 39. Rd2 Be6 40. Ne4 Rc4 41. f3 Rxb4 42. Kg3 a5 43. Kf2 a4 44. Nc3 a3 45. Ke3 Rb2 46. Rxb2 axb2 47. Kd2 Bf5 0-1

[Event "CZE-chT2B 1718"]
[Site "Czech Republic"]
[Date "2018.01.28"]
[Round "7.7"]
[White "Vitova, Anna"]
[Black "Blazek, Jiri1111"]
[Result "1/2-1/2"]
[WhiteElo "1822"]
[BlackElo "1831"]
[PlyCount "36"]
[EventDate "2017.10.15"]
[EventType "team-tourn"]
[EventRounds "11"]
[EventCountry "CZE"]
[SourceTitle "EXT 2022"]
[Source "ChessBase"]
[SourceDate "2021.10.06"]
[SourceVersion "1"]
[SourceVersionDate "2021.10.06"]
[SourceQuality "1"]
[WhiteTeam "Jicin"]
[BlackTeam "Bakov nad Jizerou"]
[WhiteTeamCountry "CZE"]
[BlackTeamCountry "CZE"]

1. e4 e5 2. Nf3 Nc6 3. Bc4 Nf6 4. d4 Nxe4 5. dxe5 Nc5 6. 0-0 Ne6 7. Nc3 Bc5 8. Ne4 Be7 9. c3 a5 10. Qc2 0-0 11. Rd1 h6 12. Be3 Qe8 13. Qd2 f5 14. exf6 Bxf6 15. Nxf6+ Rxf6 16. Nd4 Kh8 17. Nxe6 dxe6 18. Bb5 e5 1/2-1/2

[Event "CZE-chT U18 Extraliga Ost 1718"]
[Site "Czech Republic"]
[Date "2017.10.08"]
[Round "3.3"]
[White "Vitova, Anna"]
[Black "Hrbek, Stepan"]
[Result "1-0"]
[WhiteElo "1822"]
[BlackElo "1904"]
[PlyCount "77"]
[EventDate "2017.10.07"]
[EventType "team-tourn"]
[EventRounds "11"]
[EventCountry "CZE"]
[SourceTitle "EXT 2023"]
[Source "ChessBase"]
[SourceDate "2022.10.05"]
[SourceVersion "1"]
[SourceVersionDate "2022.10.05"]
[SourceQuality "1"]
[WhiteTeam "Jicin (U18)"]
[BlackTeam "Frydek Mistek Interchess (U18)"]
[WhiteTeamCountry "CZE"]
[BlackTeamCountry "CZE"]

1. e4 c5 2. Nf3 Nc6 3. d4 cxd4 4. Nxd4 g6 5. Nc3 Bg7 6. Be3 Nf6 7. f3 Qb6 8. Nf5 Qxb2 9. Nxg7+ Kf8 10. Na4 Qb4+ 11. c3 Qa5 12. Bh6 Kg8 13. Rb1 Qc7 14. Be2 d6 15. 0-0 Bd7 16. Qd2 Ne5 17. Nb2 Rc8 18. c4 b6 19. Kh1 Qc5 20. Rbc1 Rc7 21. Nd1 Bc8 22. Ne3 e6 23. Nd5 exd5 24. cxd5 Nfd7 25. Rxc5 Nxc5 26. Qg5 Rd7 27. Bb5 f6 28. Qxf6 Rf7 29. Qd8+ Rf8 30. Qxd6 Nf7 31. Qf4 Nxh6 32. Qxh6 Rf7 33. Ne8 Bd7 34. Bxd7 Nxd7 35. Nd6 Rf8 36. Rc1 Nc5 37. e5 Rd8 38. Qg5 Rd7 39. Qf6 1-0

[Event "CZE-chT U18 Extraliga Ost 1617"]
[Site "Czech Republic"]
[Date "2017.01.21"]
[Round "6.4"]
[White "Cerny, David"]
[Black "Vitova, Anna"]
[Result "1-0"]
[WhiteElo "1916"]
[BlackElo "1707"]
[PlyCount "99"]
[EventDate "2016.10.01"]
[EventType "team-tourn"]
[EventRounds "11"]
[EventCountry "CZE"]
[SourceTitle "EXT 2022"]
[Source "ChessBase"]
[SourceDate "2021.10.06"]
[SourceVersion "1"]
[SourceVersionDate "2021.10.06"]
[SourceQuality "1"]
[WhiteTeam "Policka Stefanydes U18"]
[BlackTeam "Jicin U18"]
[WhiteTeamCountry "CZE"]
[BlackTeamCountry "CZE"]

1. e4 c5 2. Nf3 d6 3. Bb5+ Nc6 4. d4 cxd4 5. Qxd4 Bd7 6. Bxc6 Bxc6 7. Bg5 Qc7 8. Nc3 e6 9. 0-0-0 b5 10. Rhe1 a5 11. Rd2 b4 12. Nd5 Qb7 13. Nb6 Ra6 14. Nc4 Bb5 15. Bf4 Bxc4 16. Qxc4 Nf6 17. Nd4 Rb6 18. f3 Be7 19. Be3 0-0 20. g4 d5 21. exd5 Nxd5 22. Qd3 a4 23. Kb1 b3 24. cxb3 Bb4 25. bxa4 Bxd2 26. Qxd2 Rb8 27. Nb5 Ra6 28. b3 Rc6 29. Bd4 Rbc8 30. Qd3 Nb4 31. Qe4 Nc2 32. Rd1 Qe7 33. Na7 Na3+ 34. Ka1 Rc1+ 35. Rxc1 Rxc1+ 36. Kb2 Rc2+ 37. Ka1 Rc1+ 38. Kb2 Rb1+ 39. Kc3 Qc7+ 40. Nc6 h6 41. Be5 Rc1+ 42. Kb2 Qxc6 43. Qxc6 Rxc6 44. Kxa3 g6 45. b4 Kf8 46. b5 Rc8 47. b6 Rd8 48. b7 Ke7 49. b8Q Rxb8 50. Bxb8 1-0

[Event "EU-ch U16 Girls 26th"]
[Site "Prague"]
[Date "2016.08.26"]
[Round "8"]
[White "Jorge, Rita Maria Osorio"]
[Black "Vitova, Anna"]
[Result "1-0"]
[WhiteElo "1794"]
[BlackElo "1727"]
[PlyCount "47"]
[EventDate "2016.08.18"]
[EventType "swiss"]
[EventRounds "9"]
[EventCountry "CZE"]
[SourceTitle "CBM 174 Extra"]
[Source "ChessBase"]
[SourceDate "2016.10.10"]
[SourceVersion "1"]
[SourceVersionDate "2016.10.10"]
[SourceQuality "1"]

1. e4 c5 2. Nf3 d6 3. d4 cxd4 4. Nxd4 Nf6 5. Nc3 a6 6. Bc4 e6 7. 0-0 b5 8. Bb3 b4 9. Na4 Nxe4 10. Re1 Nc5 11. Nxc5 dxc5 12. Qf3 Ra7 13. Nf5 g6 14. Nh6 Bxh6 15. Bxh6 Qh4 16. Bg7 Rg8 17. Bf6 Qh5 18. Rad1 Bd7 19. Qd3 Qf5 20. Qd6 Nc6 21. Ba4 Qxf6 22. Bxc6 Qd8 23. Bxd7+ Rxd7 24. Rxe6+ 1-0

[Event "EU-ch U16 Girls 26th"]
[Site "Prague"]
[Date "2016.08.22"]
[Round "5"]
[White "Vitova, Anna"]
[Black "Tomcikova, Zuzana"]
[Result "1-0"]
[WhiteElo "1727"]
[BlackElo "1654"]
[PlyCount "73"]
[EventDate "2016.08.18"]
[EventType "swiss"]
[EventRounds "9"]
[EventCountry "CZE"]
[SourceTitle "CBM 174 Extra"]
[Source "ChessBase"]
[SourceDate "2016.10.10"]
[SourceVersion "1"]
[SourceVersionDate "2016.10.10"]
[SourceQuality "1"]

1. e4 c6 2. d4 d5 3. Nc3 dxe4 4. Nxe4 Bf5 5. Ng3 Bg6 6. Nf3 e6 7. h4 h6 8. h5 Bh7 9. Bd3 Bxd3 10. Qxd3 Nf6 11. Bd2 Nbd7 12. 0-0-0 Be7 13. Kb1 0-0 14. c4 a5 15. Qe2 a4 16. Ne5 a3 17. b3 Qc7 18. f4 Rfd8 19. Nf1 Nb6 20. Bc1 c5 21. dxc5 Bxc5 22. Nd2 Nbd7 23. Ndf3 Bb4 24. Nd4 Nc5 25. Nb5 Qb6 26. Rxd8+ Rxd8 27. Rd1 Rxd1 28. Qxd1 Nfe4 29. Be3 Qa5 30. g4 Nc3+ 31. Nxc3 Bxc3 32. Bxc5 Bxe5 33. b4 Qc7 34. fxe5 Qxe5 35. Qd4 Qe1+ 36. Kc2 Qe2+ 37. Kb3 1-0

[Event "Hradec Kralove op"]
[Site "Hradec Kralove"]
[Date "2015.10.09"]
[Round "7"]
[White "Tobiskova, Petra"]
[Black "Vitova, Anna"]
[Result "0-1"]
[WhiteElo "1823"]
[BlackElo "1638"]
[PlyCount "80"]
[EventDate "2015.10.04"]
[EventType "swiss"]
[EventRounds "9"]
[EventCountry "CZE"]
[SourceTitle "CBM 168 Extra"]
[Source "ChessBase"]
[SourceDate "2015.10.29"]
[SourceVersion "1"]
[SourceVersionDate "2015.10.29"]
[SourceQuality "1"]

1. e4 c5 2. c4 e6 3. Nc3 b6 4. g3 Bb7 5. Bg2 Nf6 6. d3 d5 7. e5 Nfd7 8. f4 Nc6 9. cxd5 Nb4 10. Nf3 Nxd5 11. Nxd5 Bxd5 12. b3 b5 13. 0-0 Be7 14. Be3 0-0 15. Qd2 Rc8 16. Rac1 Nb6 17. Qa5 Bxf3 18. Rxf3 Qxd3 19. Qxa7 Nd5 20. Re1 Ra8 21. Qb7 Rfb8 22. Qd7 Qc3 23. Bf2 Qa5 24. Rd3 Ra7 25. Qc6 Nb4 26. Qe4 Nxd3 27. Qxd3 Qxa2 28. Rd1 c4 29. Qf3 Rc7 30. f5 exf5 31. Qxf5 Qxb3 32. Rf1 c3 33. Be4 g6 34. Qf3 Qe6 35. Bd4 c2 36. Bd5 Qf5 37. Bxf7+ Kg7 38. e6+ Kf8 39. Qxf5 gxf5 40. Be3 Bc5 0-1

[Event "EU Union-ch U14"]
[Site "Kouty nad Desnou"]
[Date "2015.08.27"]
[Round "9"]
[White "Golub, Nikolina"]
[Black "Vitova, Anna"]
[Result "1-0"]
[WhiteElo "1820"]
[BlackElo "1706"]
[PlyCount "83"]
[EventDate "2015.08.19"]
[EventType "swiss"]
[EventRounds "9"]
[EventCountry "CZE"]
[SourceTitle "EXT 2016"]
[Source "ChessBase"]
[SourceDate "2015.10.08"]
[SourceVersion "1"]
[SourceVersionDate "2015.10.08"]
[SourceQuality "1"]

1. e4 c5 2. Nf3 d6 3. d4 cxd4 4. Nxd4 Nf6 5. Nc3 a6 6. Be2 e6 7. 0-0 Be7 8. Qd3 b5 9. a3 Bb7 10. Rd1 Nbd7 11. f3 0-0 12. Be3 Ne5 13. Qd2 Qc7 14. a4 b4 15. Na2 d5 16. exd5 Nxd5 17. c3 bxc3 18. Nxc3 Nxc3 19. Qxc3 Qxc3 20. bxc3 Rac8 21. Rdc1 Nc4 22. Bxc4 Rxc4 23. Nb3 Rfc8 24. Na5 R4c7 25. Rab1 Bd5 26. c4 Bxc4 27. Rxc4 Rxc4 28. Nxc4 Rxc4 29. Rb8+ Bf8 30. a5 f6 31. Bb6 Kf7 32. Ra8 Bd6 33. Rxa6 Rc8 34. Be3 Ke7 35. Ra7+ Bc7 36. a6 Kd6 37. Rb7 Kc6 38. Rb1 Ra8 39. a7 Be5 40. Rb6+ Kd5 41. Rb7 Rg8 42. Rxg7 1-0

[Event "CZE-ch U14 Girls"]
[Site "Kouty nad Desnou"]
[Date "2015.03.11"]
[Round "6"]
[White "Vitova, Anna"]
[Black "Gresova, Zuzana"]
[Result "0-1"]
[WhiteElo "1686"]
[BlackElo "1780"]
[PlyCount "120"]
[EventDate "2015.03.07"]
[EventType "swiss"]
[EventRounds "9"]
[EventCountry "CZE"]
[SourceTitle "EXT 2017"]
[Source "ChessBase"]
[SourceDate "2016.10.25"]
[SourceVersion "1"]
[SourceVersionDate "2016.10.25"]
[SourceQuality "1"]

1. e4 c5 2. Nf3 e6 3. c3 d5 4. exd5 Qxd5 5. d4 Nf6 6. Bd3 Be7 7. 0-0 0-0 8. Re1 cxd4 9. cxd4 Nc6 10. Nc3 Qd8 11. Bf4 b6 12. Qa4 Nb4 13. Bb5 Bb7 14. a3 Nbd5 15. Bg3 a6 16. Be2 Rc8 17. Rac1 b5 18. Qb3 Qa5 19. Ne5 Nxc3 20. Rxc3 Rxc3 21. bxc3 Qxa3 22. Qxa3 Bxa3 23. Rb1 Rd8 24. h3 h6 25. Nc4 Be7 26. Na5 Be4 27. Ra1 Ba8 28. Be5 Nd5 29. c4 Nc3 30. Bd3 f6 31. Bg3 Rxd4 32. Bf1 Rd8 33. cxb5 axb5 34. Rc1 b4 35. Bc4 Bd5 36. Bxd5 Ne2+ 37. Kh2 Nxc1 38. Bxe6+ Kf8 39. Nc6 Ra8 40. Bf4 Nd3 41. Be3 Bd6+ 42. g3 Ne5 43. Nd4 Bc5 44. Bd5 Bxd4 45. Bxa8 Bxe3 46. fxe3 Nc4 47. Kg2 b3 48. Kf2 f5 49. Bd5 b2 50. Bxc4 b1Q 51. Be2 Ke7 52. Bf3 Qc2+ 53. Be2 Ke6 54. Kf3 Qe4+ 55. Kf2 Qh1 56. Bf1 g5 57. Bg2 Qd1 58. Bf3 Qd2+ 59. Be2 Ke5 60. g4 fxg4 0-1

[Event "CZE-ch U14 Girls"]
[Site "Kouty nad Desnou"]
[Date "2014.03.15"]
[Round "9"]
[White "Vitova, Anna"]
[Black "Bierska, Adela"]
[Result "0-1"]
[WhiteElo "1575"]
[BlackElo "1472"]
[PlyCount "58"]
[EventDate "2014.03.08"]
[EventType "swiss"]
[EventRounds "9"]
[EventCountry "CZE"]
[SourceTitle "EXT 2015"]
[Source "ChessBase"]
[SourceDate "2014.11.20"]
[SourceVersion "1"]
[SourceVersionDate "2014.11.20"]
[SourceQuality "1"]

1. e4 e5 2. Nf3 Nc6 3. d4 exd4 4. c3 d5 5. exd5 Qxd5 6. cxd4 Bg4 7. Be2 0-0-0 8. Be3 Nf6 9. Nc3 Qa5 10. 0-0 Nd5 11. Nxd5 Qxd5 12. Qa4 Kb8 13. h3 Bh5 14. Rfd1 g5 15. Rac1 Bd6 16. Rd2 f6 17. Rdc2 g4 18. Ne1 gxh3 19. Bf1 hxg2 20. Bxg2 Rhg8 21. Rxc6 Rxg2+ 22. Nxg2 Rg8 23. Kf1 Qxg2+ 24. Ke1 Qf3 25. R6c2 Rg1+ 26. Kd2 Rd1+ 27. Kc3 Bg6 28. Rxd1 Qxd1 29. Qc4 Qxc2# 0-1